00325nam a22001217a 4500003000400000008004100004020001800045100001100063245005600074260003800130300001000168650002500178OSt250227b |||||||| |||| 00| 0 eng d a9788197978500 aANKITA aThe Road Ahead Future Trends and Innovations in AI  aNew Delhi bNaples Indian c2024. a334p. aFaculty Publication